Countries in the Americas by capitals - Statistics

General Stats
  • This quiz has been taken 78 times
  • The average score is 29 of 35
Answer Stats
Hint Answer % Correct
Caracas Venezuela
98%
Buenos Aires Argentina
97%
Mexico City Mexico
97%
Paramaribo Suriname
95%
Havana Cuba
93%
Roseau Dominica
93%
Lima Peru
93%
San Salvador El Salvador
91%
Castries Saint Lucia
91%
Port of Spain Trinidad and Tobago
91%
Georgetown Guyana
90%
Panama City Panama
90%
Basseterre Saint Kitts and Nevis
90%
Bridgetown Barbados
88%
Nassau Bahamas
86%
Belmopan Belize
86%
La Paz Bolivia
84%
Quito Ecuador
84%
Guatemala City Guatemala
84%
Tegucigalpa Honduras
84%
Washington DC United States
83%
Ottawa Canada
81%
Kingstown Saint Vincent and the Grenadines
81%
Montevideo Uruguay
81%
Brasilia Brazil
79%
Port au Prince Haiti
78%
Santiago Chile
72%
Bogotá Colombia
72%
Kingston Jamaica
72%
Santo Domingo Dominican Republic
71%
Asunción Paraguay
71%
Managua Nicaragua
67%
Saint Georges Grenada
50%
San José Costa Rica
48%
Saint Johns Antigua and Barbuda
47%
No matching quizzes found
Score Distribution
Percent of People with Each Score
Percentile by Number Answered
Your Score History
You have not taken this quiz